|
|
|
|
| LEADER |
00000nam0a2200000 4500 |
| 001 |
297251 |
| 005 |
20231102001005.0 |
| 035 |
|
|
|a (RuTPU)RU\TPU\book\322371
|
| 090 |
|
|
|a 297251
|
| 100 |
|
|
|a 20150606d1984 k y0rusy50 ca
|
| 101 |
0 |
|
|a rus
|
| 102 |
|
|
|a RU
|
| 105 |
|
|
|a a z 001zy
|
| 200 |
1 |
|
|a Ярусное расчленение нижнего кембрия. Стратиграфия
|e [монография]
|f Академия наук СССР (АН СССР), Отделение геологии, геофизики и геохимии ; отв. ред. А. Ю. Розанов , Б. С. Соколов
|
| 210 |
|
|
|a Москва
|c Наука
|d 1984
|
| 215 |
|
|
|a 184 с.
|c ил.
|
| 320 |
|
|
|a Библиогр.: с. 171-182.
|
| 606 |
1 |
|
|a Кембрий нижний
|2 stltpush
|3 (RuTPU)RU\TPU\subj\14265
|9 40706
|
| 610 |
1 |
|
|a стратиграфия
|
| 610 |
1 |
|
|a Сибирская платформа
|
| 610 |
1 |
|
|a разрезы
|
| 610 |
1 |
|
|a описание
|
| 610 |
1 |
|
|a характеристика
|
| 610 |
1 |
|
|a корреляция
|
| 675 |
|
|
|a 551.732.2
|v 4
|
| 702 |
|
1 |
|a Розанов
|b А. Ю.
|4 340
|
| 702 |
|
1 |
|a Соколов
|b Б. С.
|4 340
|
| 712 |
0 |
2 |
|a Академия наук СССР (АН СССР)
|b Отделение геологии, геофизики и геохимии
|2 stltpush
|3 (RuTPU)RU\TPU\col\722
|
| 801 |
|
1 |
|a RU
|b 63413507
|c 20150606
|
| 801 |
|
2 |
|a RU
|b 63413507
|c 20150619
|g RCR
|
| 942 |
|
|
|c BK
|